Guess The Movie by Picture - Statistics

General Stats
  • This quiz has been taken 175 times
  • The average score is 9 of 16
Answer Stats
Picture Answer % Correct
The Godfather
85%
Fight Club
81%
American Psycho
80%
Guardians of The Galaxy
78%
Pulp Fiction
70%
Saving Private Ryan
65%
Alien
60%
Inception
60%
Predator
52%
Inglourious Basterds
51%
Mad Max
51%
The Shawshank Redemption
49%
V for Vendetta
46%
Alita Battle Angel
18%
RIPD
17%
42
12%
No matching quizzes found
Score Distribution
Percent of People with Each Score
Percentile by Number Answered
Your Score History
You have not taken this quiz